Vista normal
Vista MARC
Entrada Personal Name
Número de registros utilizados en: 2
001 - CONTROL NUMBER
- control field: 13759
003 - CONTROL NUMBER IDENTIFIER
- control field: DLC
005 - DATE AND TIME OF LATEST TRANSACTION
- control field: 20250922105610.0
008 - FIXED-LENGTH DATA ELEMENTS
- fixed length control field: 010713n| acannaabn |a aaa c
010 ## - LIBRARY OF CONGRESS CONTROL NUMBER
- LC control number: no2001054804
035 ## - SYSTEM CONTROL NUMBER
- System control number: (OCoLC)oca05532324
040 ## - CATALOGING SOURCE
- Original cataloging agency: TxU
- Language of cataloging: spa
- Transcribing agency: Mx-PuUPA
- Modifying agency: Mx-PuUPA
- Description conventions: rda
046 ## - SPECIAL CODED DATES
- Birth date: 1948-
100 1# - HEADING--PERSONAL NAME
- Personal name: Fraile García, Francisco,
- Dates associated with a name: 1948-
370 ## - ASSOCIATED PLACE
- Place of birth: Huajuapan de León, Oaxaca
372 ## - FIELD OF ACTIVITY
- Field of activity: Administración
- Field of activity: Relaciones Laborales y Organización Estratégica
- Field of activity: Fiscal
373 ## - ASSOCIATED GROUP
- Associated group: Universidad Autónoma de Puebla
- Associated group: Centro Universitario Irlandés
374 ## - OCCUPATION
- Occupation: Autor
- Occupation: Político mexicano
- Occupation: Licenciado en Derecho Administrativo
375 ## - GENDER
- Gender: hombre
377 ## - ASSOCIATED LANGUAGE
- Language code: spa
400 1# - SEE FROM TRACING--PERSONAL NAME
- Personal name: García, Francisco Fraile
- Dates associated with a name: 1948-
670 ## - SOURCE DATA FOUND
- Source citation: Y los obreros qué?, 1999:
- Information found: t.p. (Francisco Fraile García)